Bilbao - Choix multiples - Statistiques

Statistiques générales
  • Ce quiz a été pris 51 fois
  • Le résultat moyen est 7 sur 10
Statistiques - réponses
Question Réponse % Correct
Dans quelle communauté autonome d'Espagne la commune de Bilbao se situe-t-elle ? Pays basque
91%
Quel musée d'art moderne se trouve à Bilbao et ressemble à ceci :
?
Musée Guggenheim
89%
Que désigne le nom "Las Siete calles" dans la commune de Bilbao ? Rues piétonnes de la vieille ville
87%
Quelle est la spécificité du club de football de Bilbao, l'Athletic Club ? Il recrute seulement des joueurs basques.
76%
Quel architecte a dessiné la structure de ce musée ? Frank Gehry
70%
Et plus précisément, dans quelle province se trouve-t-elle ? Biscaye
67%
Qu'est-ce que c'est le BBVA ? Une banque
63%
Proche des "Las Siete Calles", les touristes adorent goûter à une spécialité typique d'ici : les pintxos. Cliquez sur l'image représentant les pintxos.
61%
Qu'est ce qui est FAUX à propos des festivités de l'Aste Nagusia ? Un défilé militaire célèbre l'histoire de Bilbao.
54%
Quel fleuve traverse Bilbao et sa banlieue ? Le Nervion
37%
Aucun quiz correspondant
Distribution des résultats
% des personnes avec chaque résultat
Percentile par nombre de réponses
Votre historique - résultats
Vous n’avez pas pris ce quiz